Η εκκλησία της Δωδεκανήσου κατά την ιταλοκρατία : το αυτοκέφαλο
Αποθηκεύτηκε σε:
| Κύριος συγγραφέας: | |
|---|---|
| Μορφή: | Βιβλίο |
| Γλώσσα: | Greek |
| Δημοσίευση: |
Ρόδος :
[χ.ό.],
1997
|
| Σειρά: | Ρόδος και νεώτερα κείμενα ;
; 8 |
| Θέματα: | |
| Ετικέτες: |
Προσθήκη ετικέτας
Δεν υπάρχουν, Καταχωρήστε ετικέτα πρώτοι!
|
MARC
| LEADER | 00000cam a2200000 i 4500 | ||
|---|---|---|---|
| 001 | 1/64416 | ||
| 008 | 020514s1997 gre d | ||
| 035 | |l 10001382 | ||
| 040 | |a GR-MY-UA |b gre |e aacr | ||
| 041 | 0 | |a gre | |
| 082 | 0 | |a 938.977 | |
| 100 | 1 | |a Παπαϊωάννου, Εμμανουήλ Δ. | |
| 245 | 1 | 2 | |a Η εκκλησία της Δωδεκανήσου κατά την ιταλοκρατία : |b το αυτοκέφαλο / |c Εμμανουήλ Δ. Παπαϊωάννου |
| 260 | |a Ρόδος : |b [χ.ό.], |c 1997 | ||
| 300 | |a 213 σ. | ||
| 490 | 1 | |a Ρόδος και νεώτερα κείμενα |v ; 8 | |
| 651 | 0 | |a Dodecanese Islands (Greece) |x Church history. | |
| 830 | 0 | |a Ρόδος και νεώτερα κείμενα ; |v ; 8 | |
| 852 | |a INST |b RHODES |e 20020514 |h 938.977 ΠΑΠ |p 005400016528 |q 005400016528 |t BK |y 0 | ||
| 901 | |a BIBL4-2002-1 | ||
| 909 | |a Ρ |b 101062 | ||
| 970 | |a ΚΟΥΛΑΚΙΟΤΗ |b ΛΙΤΣΑ |z 2002/05/14 | ||